| 000 | 00575nam a22001817a 4500 | ||
|---|---|---|---|
| 005 | 20260109083726.0 | ||
| 008 | 260109b |||||||| |||| 00| 0 eng d | ||
| 020 | _a074501223X | ||
| 040 |
_aMMSU _cULS |
||
| 050 | _aJA 61 E93 1992 REF | ||
| 100 | _aEvans, Graham | ||
| 245 |
_aThe dictionary of world politics : _ba reference guide to concepts, ideas and institute _cGraham Evans and Jeffrey Newnham |
||
| 250 | _aRevised edition. | ||
| 260 |
_aNew York : _bHarvester Wheatsheaf ; _c1992 |
||
| 300 |
_a364 pages : _c23 cm. |
||
| 650 | _aWorld dictionary | ||
| 942 |
_2lcc _cBK |
||
| 999 |
_c28601 _d28601 |
||